000 00762nam a2200253Ia 4500
003 OSt
005 20221005105812.0
006 a|||||r|||| 00| 0
007 ta
008 221004b |||||||| |||| 00| 0 hin d
020 _a9788171382224 (hbk)
024 _a105589
037 _cTextual
040 _aCRL
_cCRL
_bhin
041 _2hin
_ahin
082 _aO152,3N65x, Q1
100 _aसिन्हा, रीता
245 0 _aडेस्कटॉप
246 _aḌeskaṭaॉpa
260 _aनई दिल्ली
_bसामायिक प्रकाशन भारत
_c2011
300 _a175पृ0
_ccm.
942 _hO152,3N65x, Q1
_cTEXL
_2cc
999 _c1016942
_d1016942